00515nam a2200133Ia 4500008004100000041000800041082002600049100001300075245002500088260005100113300000900164999001900173952018900192230411s9999 xx 000 0 und d aeng aP/610.7365/GHA/B02286 aGhai O P aEssential Pediatrics bCBS Publishers & DistributorsaNew Delhic2004 a719p c153498d153498 001040708PaBTINbBTINd2005-03-14eB.J.Medical Co-oprative College Storesg450.00i1063l0oP 610.7365 GHA B02286pBTIN-BK-2286r2023-04-11 00:00:00v338.00w2005-03-14yBKzB02286